000 00499cam a2200181ua 4500
020 _cRs.250/-
041 _aeng
_h
082 _a670
_bSIN/IN
100 _aRajendar, Singh .
245 _aIntroduction to basic manufacturing processes and workshop technology /
_cRajendar singh.
_hTextual Documents
250 _a1 /
_b.
260 _aNew Delhi :
_bNew Age International ,
_c2006.
300 _a670 ; .
365 _aRs.250/-
504 _a
942 _cBK
999 _c13112
_d13112